| 000 | 01215cam a2200229 4500 | ||
|---|---|---|---|
| 001 | ABS65098 | ||
| 008 | 020301n2002 000 0 eng u | ||
| 035 | _a(Sirsi) u116943 | ||
| 100 | _aDi Mambro, M-C. | ||
| 245 | _aBadgers: not all black and white | ||
| 260 | _c2002 | ||
| 490 |
_aCSM _bChartered Surveyor Monthly _vFebruary 2002, 30(1) |
||
| 520 | _aHighlights the need for chartered surveyors to record the presence of badger setts during residential surveys. Cites recent "Horsnell & Horsnell v Amos" where claimants argued they would not have bought a property if they had known of the presence of a badger sett, and that it had affected the value of the property. Court found that the value was not diminished, but that respondent was negligent in not noticing the sett, and ordered payment of £750. Concludes that low damages amount indicated that surveyors need not worry too much about missing a sett, as it could be regarded as an asset as well as a nuisance. | ||
| 590 | _aABS | ||
| 650 | _aHORSNELL & HORSNELL V AMOS | ||
| 650 | _aBADGERS | ||
| 650 | _aNEGLIGENCE | ||
| 650 | _aINSURANCE CLAIMS | ||
| 690 | _aBUILT ENVIRONMENT-BUILDING INSPECTION | ||
| 700 | _aHaynes, L. | ||
| 942 | _n0 | ||
| 999 |
_c69650 _d69650 |
||